000 01336cam a2200277 a 4500
001 17437573
005 20230306102940.0
008 120822s2013 coua b 001 0 eng
010 _a 2012034293
020 _a978-93-85919-00-8
040 _aDLC
_cDLC
_dDLC
042 _apcc
050 0 0 _aHD77
_b.P37 2013
082 0 0 _a338.91, PAR
_223
100 1 _aParkinson, Sarah,
_d1974-
_9109780
245 1 0 _aFinding a way in international development :
_boptions for ethical and effective work /
_cSarah Parkinson.
250 _a1st ed.
260 _aBoulder, Colo. :
_bKumarian Press,
_c2013.
300 _aviii, 273 p. :
_bill. ;
_c24 cm.
505 0 _aThe idea of international development (Page-19), The international development system in practice (Page-35), Development organizations (Page-55), Facing ourselves (Page-85), Learning the system (Page-105), Learning to be effective (Page-127), The drifters (Page-155), The team players (Page-177), The visionaries (Page-199), Opting out (Page-221), Conclusion (Page-241).
650 0 _aEconomic development.
650 0 _aNon-governmental organizations.
_9109781
906 _a7
_bcbc
_corignew
_d1
_eecip
_f20
_gy-gencatlg
942 _2ddc
_cBK
999 _c593519
_d593519